00385pab a2200133 454500008004000000100001400040245006500054260000900119300001300128362001000141650003800151650002800189773003400217180718b2007 xxu||||| |||| 00| 0 eng d aAmruth M. aSilences and the impossibility of confabulation after Godhra c2007 ap.23-25. a8 Dec aGujarat - Politics and government aPolitics and government aEconomic and Political Weekly